Baladas para después (Record no. 178749)

MARC details
000 -LEADER
campo de control de longitud fija 01063nam a2200277 4500
001 - NÚMERO DE CONTROL
campo de control 178749
003 - IDENTIFICADOR DE NÚMERO DE CONTROL
campo de control ES-MaACL
005 - FECHA Y HORA DE LA ÚLTIMA TRANSACCIÓN
campo de control 20240129115325.0
008 - DATOS DE LONGITUD FIJA--INFORMACIÓN GENERAL
campo de control de longitud fija 110614s2009 sp |||| |dspa d
020 ## - NÚMERO INTERNACIONAL ESTÁNDAR DEL LIBRO
Número Internacional Estándar del Libro 978-84-9895-033-5
080 ## - NÚMERO DE LA CLASIFICACIÓN DECIMAL UNIVERSAL
Número de la Clasificación Decimal Universal 821.134.2-14"19"
100 1# - ENTRADA PRINCIPAL--NOMBRE DE PERSONA
Nombre de persona Jiménez, Juan Ramón,
Fechas asociadas al nombre 1881-1958
9 (RLIN) 66417
245 10 - MENCIÓN DEL TÍTULO
Título Baladas para después
Resto del título : (1901-1913) /
Mención de responsabilidad, etc. Juan Ramón Jiménez ; texto preparado por Fernando García Lara ; prólogo de Lauren Mendinueta.
246 34 - FORMA VARIANTE DEL TITULO
Título propio/Titulo breve Poemas en prosa.
Número de parte o sección de la obra I
260 ## - PUBLICACIÓN, DISTRIBUCIÓN, ETC.
Lugar de publicación, distribución, etc. Madrid :
Nombre del editor, distribuidor, etc. Visor Libros ;
Lugar de publicación, distribución, etc. Huelva :
Nombre del editor, distribuidor, etc. Diputación de Huelva,
Fecha de publicación, distribución, etc. [2009]
300 ## - DESCRIPCIÓN FÍSICA
Extensión 265 p. ;
Dimensiones 20 cm.
490 1# - MENCIÓN DE SERIE
Mención de serie Obras de Juan Ramón Jiménez ;
Designación de volumen o secuencia 27
700 1# - ENTRADA AGREGADA--NOMBRE PERSONAL
Nombre de persona García Lara, Fernando.
9 (RLIN) 147205
700 1# - ENTRADA AGREGADA--NOMBRE PERSONAL
Nombre de persona Mendinueta, Lauren.
9 (RLIN) 147206
710 1# - ENTRADA AGREGADA--NOMBRE DE ENTIDAD CORPORATIVA
Nombre de entidad corporativa o nombre de jurisdicción como elemento de entrada Huelva (Provincia).
Unidad subordinada Diputación Provincial.
9 (RLIN) 4624
830 0# - PUNTO DE ACCESO ADICIONAL DE SERIE-TÍTULO UNIFORME
Título uniforme Obras de Juan Ramón Jiménez
Designación de volumen o secuencia 27
9 (RLIN) 191022
852 ## - LOCALIZACIÓN
Ubicación ES-MaACL
Número de control de estantería A-11275
itemnumber 185609
Sublocalización o colección R.145605
Ubicación en estantería Depósito 1
Signatura antigua Olim: N-4279
942 ## - ELEMENTOS DE ENTRADA SECUNDARIOS (KOHA)
Fuente del sistema de clasificación o colocación Clasificación decimal universal
Tipo de ítem Koha Libro impreso
Holdings
Estatus retirado Estado de pérdida Fuente del sistema de clasificación o colocación Estado de daño No para préstamo Biblioteca de origen Biblioteca actual Ubicación en estantería Fecha de adquisición Fuente de adquisición Total de préstamos Signatura topográfica completa Código de barras Visto por última vez Precio de reemplazo Tipo de ítem Koha
    Clasificación decimal universal     Biblioteca del Ateneo de Madrid Biblioteca del Ateneo de Madrid Depósito 1 14/06/2011 Compra   A-11275 1187761 23/02/2023 23/02/2023 Libro impreso